| 000 | 00483cam a2200181ua 4500 | ||
|---|---|---|---|
| 020 | _c800.00 | ||
| 041 |
_aeng _h |
||
| 082 |
_a664.02 _bKAL/HO |
||
| 100 | _aKalia, Manoranjan . | ||
| 245 |
_aHousehold food processing and preservation / _cManoranjan kalia. _hTextual Documents |
||
| 260 |
_aUdaypur : _bAgro-tech publishing academy , _c2004. |
||
| 300 | _a ; . | ||
| 365 | _a800.00 | ||
| 504 | _a | ||
| 700 | 1 | _aSood, Sangita . | |
| 942 | _cBK | ||
| 999 |
_c13494 _d13494 |
||